000 01047nam a22003017a 4500
001 BR7701459
003 BR-BrBNA
005 20230928085216.0
007 ta
008 230509b bl.||||| |||| 00| 0 por d
040 _aBR-BrBNA
_bpor
_cBiblioteca Nacional de Agricultura
041 _a(Por)
072 _aF60; H20
_b2120
_b4120
090 _ 2120 BR7701459
100 1 _aSilva, W.S. da
110 1 _aUniversidade Federal de Vicosa, MG (Brasil)
_0Tese (Magister Scientiae)
245 1 _aRelacao entre teores de alguns componentes quimicos de folhas de cafeeiro (Coffea arabica L.)e resistencia da planta a ferrugem alaranjada (Hemileia vastatrix Berk Br.)
260 3 _aVicosa, MG (Brasil):
_c1976.
300 _a29 p.
500 _a32 ref.; Summary (Por). (*) Documento disponível na(o) Universidade Federal de Vicosa, MG (Brazil)
650 _aCafe
650 _aFolha
650 _aFerrugem alaranjada
650 _avariedade resistente
650 _aAnalise foliar
909 _a202309
_bLucia
_c55
_dLucia Elande
942 _cBK
999 _c23291
_d23291